000 00452nam a22001697a 4500
005 20260410094749.0
020 _a0-262-69268-6
041 _aeng
082 _223rd.
_a415
_bSTE
100 _aSteedman, Mark
245 _aSyntactic process
_cMark Steedman
260 _aLondon
_bThe MIT Press
_c2001
300 _axiv,330p.;
_c23cm.
490 _aLanguage, speech and communication
650 _aGrammar, Comparative and general-Syntax
942 _cBK
999 _c184613
_d184612